000 00279nam a2200109Ia 4500
005 20251222114359.0
008 251222s1900||||xx |||||||||||||| ||spa||
082 _aDVD0070/D95/2005/Ej.2
245 0 _aLa passion de Jeanne d'Arc
264 _bSocieté generale de films
942 _cDVD
999 _c1572
_d1572